<?xml version="1.0" encoding="UTF-8"?>
<collection xmlns="http://www.loc.gov/MARC21/slim">
 <record>
  <leader>04991nam a2200349 a 4500</leader>
  <controlfield tag="001">kal4365</controlfield>
  <controlfield tag="003">Gr-AtHEAL</controlfield>
  <controlfield tag="005">20160425170328.0</controlfield>
  <controlfield tag="006">m        d        </controlfield>
  <controlfield tag="008">160413s2015    gr      s           gre|c</controlfield>
  <datafield tag="020" ind1=" " ind2=" ">
   <subfield code="a">9789606030093</subfield>
  </datafield>
  <datafield tag="040" ind1=" " ind2=" ">
   <subfield code="a">GR-AtHEAL</subfield>
   <subfield code="b">gre</subfield>
   <subfield code="c">GR-AtHEAL</subfield>
  </datafield>
  <datafield tag="082" ind1="0" ind2="4">
   <subfield code="a">332.6</subfield>
   <subfield code="2">23</subfield>
  </datafield>
  <datafield tag="100" ind1="1" ind2=" ">
   <subfield code="a">Παπαδάμου, Στέφανος.</subfield>
   <subfield code="8">750</subfield>
  </datafield>
  <datafield tag="245" ind1="1" ind2="0">
   <subfield code="a">Βασικές Αρχές Αξιολόγησης Επενδύσεων: Χρηματοοικονομική και κοινωνικό οικονομική προσέγγιση</subfield>
   <subfield code="h">[Ηλεκτρονικός πόρος] </subfield>
   <subfield code="c">Παπαδάμου, Στέφανος ; Συριόπουλος, Κωνσταντίνος ; Κριτικός αναγνώστης,Κόλλιας, Χρήστος ; Γραφιστική επιμέλεια,Μπελεγρίνης, Ιωάννης ; Γλωσσική επιμέλεια,Κιοσέογλου, Νερίνα.</subfield>
  </datafield>
  <datafield tag="260" ind1=" " ind2=" ">
   <subfield code="a">Αθήνα :</subfield>
   <subfield code="b">Σύνδεσμος Ελληνικών Ακαδημαϊκών Βιβλιοθηκών,</subfield>
   <subfield code="c">c2015.</subfield>
  </datafield>
  <datafield tag="490" ind1=" " ind2=" ">
   <subfield code="a">Ακαδημαϊκά Ηλεκτρονικά Συγγράμματα και Βοηθήματα Κάλλιπος</subfield>
   <subfield code="8">40</subfield>
  </datafield>
  <datafield tag="505" ind1=" " ind2=" ">
   <subfield code="a">1. Επενδύσεις, ανάπτυξη και ο ρόλος του χρηματοπιστωτικού συστήματος 2. Κριτήρια Επενδυτικών αποφάσεων υπό συνθήκες βεβαιότητας 3. Ειδικές επενδυτικές αποφάσεις και κίνδυνος 4. Βασικές αρχές στην κοινωνικο-οικονομική αξιολόγηση επενδύσεων 5. Ανάλυση κόστους οφέλους</subfield>
  </datafield>
  <datafield tag="520" ind1=" " ind2=" ">
   <subfield code="a">Το βιβλίο αυτό απευθύνεται σε προπτυχιακούς φοιτητές που διδάσκονται το μάθημα αξιολόγηση επενδύσεων καθώς και σε αναγνώστες και επιστήμονες του κλάδου που επιθυμούν να κατανοήσουν τις βασικές αρχές αξιολόγησης επενδυτικών έργων και να τις εφαρμόσουν στην πράξη. Συνδυάζει τόσο την χρηματοοικονομική όσο και την κοινωνικοοικονομική αξιολόγηση έργων με έναν τρόπο απλό και πρακτικό μέσα από την χρήση αρκετών παραδειγμάτων.Ασχολείται με θέματα όπως:Ο ρόλος των επενδύσεων στην οικονομική ανάπτυξη. Το χρηματοπιστωτικό σύστημα και η σημασία του στην δημιουργία επενδύσεων.Τα παραδοσιακά κριτήρια αξιολόγησης επενδύσεων και τα κριτήρια επενδυτικών αποφάσεων βάσει προεξοφλημένων χρηματικών ροών. Την αντιμετώπιση θεμάτων σχετικών με την αξιολόγηση έργων όπως ο προσδιορισμός των χρηματικών ροών, οι αποσβέσεις, οι φόροι, οι τόκοι και ο πληθωρισμός. Την αντιμετώπιση ειδικών επενδυτικών αποφάσεων όπως για παράδειγμα η απόκτηση μηχανήματος μέσω μακροχρόνιας μίσθωσης ή τραπεζικού δανεισμού.Την ενσωμάτωση του κινδύνου στην αξιολόγηση επενδύσεων.Την αξιολόγηση δημόσιων έργων και πολιτικών μέσα από την μεταβολή του κοινωνικού πλεονάσματος. Την αποτίμηση οφελειών και κόστους των έργων.</subfield>
  </datafield>
  <datafield tag="650" ind1=" " ind2="0">
   <subfield code="a">Investments</subfield>
   <subfield code="x">Evaluation. </subfield>
   <subfield code="8">2451</subfield>
  </datafield>
  <datafield tag="653" ind1=" " ind2=" ">
   <subfield code="a">Ανάλυση κόστους οφέλους</subfield>
  </datafield>
  <datafield tag="653" ind1=" " ind2=" ">
   <subfield code="a">Κοινωνικοοικονομική αξιολόγηση</subfield>
  </datafield>
  <datafield tag="653" ind1=" " ind2=" ">
   <subfield code="a">Αξιολόγηση επενδύσεων</subfield>
  </datafield>
  <datafield tag="653" ind1=" " ind2=" ">
   <subfield code="a">Οικονομικές επιστήμες</subfield>
   <subfield code="a">Χρηματοοικονομική</subfield>
   <subfield code="a">Διεθνεις χρηματοοικονομικές αγορές</subfield>
  </datafield>
  <datafield tag="653" ind1=" " ind2=" ">
   <subfield code="a">Οικονομικές επιστήμες</subfield>
   <subfield code="a">Χρηματοοικονομική</subfield>
  </datafield>
  <datafield tag="700" ind1="1" ind2=" ">
   <subfield code="a">Συριόπουλος, Κωνσταντίνος</subfield>
   <subfield code="e">Συγγραφέας</subfield>
   <subfield code="8">752</subfield>
  </datafield>
  <datafield tag="700" ind1="1" ind2=" ">
   <subfield code="a">Κόλλιας, Χρήστος</subfield>
   <subfield code="e">Κριτικός αναγνώστης</subfield>
   <subfield code="8">751</subfield>
  </datafield>
  <datafield tag="856" ind1="4" ind2="0">
   <subfield code="u">http://hdl.handle.net/11419/4365</subfield>
   <subfield code="z">Πλήρες Κείμενο - Full text</subfield>
  </datafield>
  <datafield tag="907" ind1=" " ind2=" ">
   <subfield code="a">.b25681151</subfield>
   <subfield code="b">12-06-18</subfield>
   <subfield code="c">29-07-16</subfield>
  </datafield>
  <datafield tag="949" ind1=" " ind2=" ">
   <subfield code="0">0</subfield>
   <subfield code="1">0</subfield>
   <subfield code="2">ddc</subfield>
   <subfield code="4">0</subfield>
   <subfield code="6">332_600000000000000_ΠΑΠ</subfield>
   <subfield code="7">0</subfield>
   <subfield code="8">KALL</subfield>
   <subfield code="8">874</subfield>
   <subfield code="d">2016-04-13</subfield>
   <subfield code="r">2016-04-13</subfield>
   <subfield code="w">2016-04-13</subfield>
   <subfield code="z">332.6 ΠΑΠ</subfield>
   <subfield code="o">SEAB KALLIPOS</subfield>
  </datafield>
  <datafield tag="998" ind1=" " ind2=" ">
   <subfield code="a">80</subfield>
   <subfield code="a">01</subfield>
   <subfield code="a">02</subfield>
   <subfield code="a">03</subfield>
   <subfield code="a">04</subfield>
   <subfield code="a">05</subfield>
   <subfield code="a">06</subfield>
   <subfield code="a">07</subfield>
   <subfield code="a">08</subfield>
   <subfield code="a">09</subfield>
   <subfield code="a">10</subfield>
   <subfield code="a">11</subfield>
   <subfield code="a">12</subfield>
   <subfield code="a">13</subfield>
   <subfield code="a">14</subfield>
   <subfield code="a">15</subfield>
   <subfield code="a">16</subfield>
   <subfield code="a">17</subfield>
   <subfield code="a">18</subfield>
   <subfield code="a">19</subfield>
   <subfield code="a">20</subfield>
   <subfield code="a">21</subfield>
   <subfield code="a">22</subfield>
   <subfield code="a">23</subfield>
   <subfield code="a">24</subfield>
   <subfield code="a">25</subfield>
   <subfield code="a">26</subfield>
   <subfield code="b">25-05-17</subfield>
   <subfield code="c">m</subfield>
   <subfield code="d">z  </subfield>
   <subfield code="e">-</subfield>
   <subfield code="f">gre</subfield>
   <subfield code="g">gr </subfield>
   <subfield code="h">0</subfield>
  </datafield>
  <datafield tag="942" ind1=" " ind2=" ">
   <subfield code="2">ddc</subfield>
   <subfield code="c">KALLIPOS</subfield>
  </datafield>
 </record>
</collection>
